[Event "Mechanics' Spring TNM; G/2"]
[Site "San Francisco"]
[Date "2016.03.15"]
[Round "1.26"]
[White "Tan, Jacky T"]
[Black "Clemens, Kristian"]
[Result "1/2-1/2"]
[WhiteElo "1328"]
[BlackElo "1918"]
[PlyCount "126"]
[EventDate "2016.??.??"]

1. e4 e5 2. Nf3 Nc6 3. Bb5 Nd4 4. Nxd4 exd4 5. d3 g6 6. O-O Bg7 7. Nd2 Ne7 8.
f4 c6 9. Ba4 d5 10. e5 Be6 11. Nf3 Nf5 12. Qe1 Qb6 13. Kh1 h5 14. Qf2 O-O-O 15.
c3 dxc3 16. Qxb6 axb6 17. bxc3 d4 18. c4 Bf8 19. Bb3 Bc5 20. Re1 Bb4 21. Re2
Kc7 22. Bb2 c5 23. Rd1 Ne3 24. Ra1 Bf5 25. e6 Bxd3 26. Rxe3 dxe3 27. Bxh8 Rxh8
28. Rd1 Bf5 29. Rd7+ Kc8 30. Rxf7 Bxe6 31. Re7 Bg4 32. Rxe3 Bxf3 33. Rxf3 Re8
34. h3 Be1 35. g4 hxg4 36. hxg4 Rh8+ 37. Kg2 Rh4 38. Kf1 Bd2 39. f5 Rxg4 40. f6
Rf4 41. Rxf4 Bxf4 42. Bc2 g5 43. Bf5+ Kd8 44. Ke2 Be5 45. Kf3 Bxf6 46. Ke4 Kc7
47. Kd5 Bd4 48. a4 Kb8 49. Kd6 Be3 50. Kd7 Ka7 51. Kc8 Ka6 52. Kb8 Bf4+ 53. Kc8
Be5 54. Be6 Bf6 55. Bd7 Ka5 56. Kxb7 Bd8 57. Kc8 Kb4 58. Kxd8 Kxc4 59. Kc7 g4
60. Bxg4 Kb4 61. Bd7 Ka5 62. Bb5 c4 63. Bxc4 Kxa4 1/2-1/2

[Event "Mechanics' Winter TNM; G/2"]
[Site "San Francisco"]
[Date "2016.01.12"]
[Round "2.20"]
[White "Tan, Jacky T"]
[Black "Critelli, James Ma"]
[Result "0-1"]
[WhiteElo "1327"]
[BlackElo "2366"]
[PlyCount "40"]
[EventDate "2016.??.??"]

1. e4 c5 2. Nf3 d6 3. d4 cxd4 4. Nxd4 Nf6 5. Nc3 a6 6. Be3 e5 7. Nb3 Be7 8. f3
Be6 9. Qd2 Nbd7 10. g4 h6 11. O-O-O b5 12. g5 hxg5 13. Bxg5 Nb6 14. Na5 Qd7 15.
Nd5 Nbxd5 16. exd5 Nxd5 17. c4 Nf6 18. c5 dxc5 19. Qxd7+ Bxd7 20. Bxf6 Bxf6 0-1

[Event "Mechanics' Winter TNM; G/2"]
[Site "San Francisco"]
[Date "2016.01.26"]
[Round "4.26"]
[White "Tan, Jacky T"]
[Black "Hakobyan, Sos"]
[Result "0-1"]
[WhiteElo "1327"]
[BlackElo "1886"]
[PlyCount "44"]
[EventDate "2016.??.??"]

1. e4 e5 2. Nf3 Nc6 3. Bb5 Nf6 4. O-O a6 5. Ba4 b5 6. Bb3 h6 7. Re1 Bc5 8. c3
d6 9. h3 Bb7 10. d4 Ba7 11. d5 Ne7 12. Be3 c5 13. dxc6 Bxc6 14. Bxa7 Rxa7 15.
Nbd2 O-O 16. Qe2 Ng6 17. g3 Qc8 18. Kh2 Bd7 19. g4 Nf4 20. Qd1 {Diagram #} Bxg4
$1 21. hxg4 Qxg4 22. Ng1 Qg2# 0-1

[Event "Mechanics' Spring TNM; G/2"]
[Site "San Francisco"]
[Date "2016.04.05"]
[Round "4.37"]
[White "Tan, Jacky T"]
[Black "Malykin, Erika"]
[Result "0-1"]
[WhiteElo "1328"]
[BlackElo "1596"]
[PlyCount "84"]
[EventDate "2016.??.??"]

1. e4 e6 2. d4 c5 3. Nf3 cxd4 4. Nxd4 Nc6 5. Nc3 Bb4 6. Ndb5 a6 7. Nd6+ Bxd6 8.
Qxd6 Qe7 9. Qg3 f6 10. Bd3 Ne5 11. O-O Ng6 12. f4 Qf7 13. Qf2 N8e7 14. Na4 b5
15. Nb6 Rb8 16. Nxc8 Rxc8 17. Qb6 Rc6 18. Qf2 O-O 19. Bd2 d5 20. a4 dxe4 21.
Bxe4 Rcc8 22. axb5 axb5 23. Ra7 Qe8 24. Bb4 Rf7 25. Rd1 f5 26. Bd3 Nd5 27. Rxf7
Kxf7 28. Bd2 Qe7 29. Ra1 Rc7 30. Qd4 Qd7 31. g3 Qc6 32. Ra7 h5 33. Rxc7+ Qxc7
34. Bc3 Nxc3 35. Qxc3 Qb6+ 36. Kg2 h4 37. Qb4 Qc6+ 38. Kf2 h3 39. Qxb5 Qg2+ 40.
Ke3 Qxh2 41. Qd7+ Ne7 42. Bc4 Qxg3+ 0-1

[Event "Mechanics' Fall TNM; G/2"]
[Site "San Francisco"]
[Date "2016.11.15"]
[Round "5.9"]
[White "Thornally, Frank"]
[Black "Montoya, Daniel"]
[Result "1-0"]
[WhiteElo "2201"]
[BlackElo "1583"]
[PlyCount "113"]
[EventDate "2016.??.??"]

1. e4 e6 2. d4 d5 3. Nd2 c5 4. c3 Nf6 5. Bd3 Nc6 6. Ngf3 cxd4 7. cxd4 dxe4 8.
Nxe4 Qd5 9. Nc3 Bb4 10. O-O Bxc3 11. bxc3 O-O 12. Re1 h6 13. c4 Qd6 14. Bb2 b6
15. Qe2 Bb7 16. Rad1 Rfe8 17. Bb1 Rac8 18. Qd3 Nb4 19. Qb3 Bxf3 20. gxf3 Nc6
21. Bc3 Red8 22. d5 exd5 23. cxd5 Na5 24. Bxa5 bxa5 25. Rd4 Qc5 26. Red1 Rd6
27. Be4 Rcd8 28. Qe3 Qb5 29. Qd2 Nd7 30. Qf4 Nf6 31. Qf5 Qb2 32. a4 Qb6 33. Kh1
Qc7 34. Qf4 Nh5 35. Qe5 Nf6 36. Rg1 Kh8 37. Qg3 Rg8 38. Qf4 Qd7 39. Qd2 Qd8 40.
Rb1 Qc7 41. Rb5 Rb8 42. Rxa5 Rb3 43. Rb5 Rc3 44. Qb2 Rc1+ 45. Kg2 Nxe4 46. Rxe4
h5 47. Qe5 Rg6+ 48. Kh3 Qd7+ 49. Kh4 Rh1 50. Qe8+ Qxe8 51. Rxe8+ Kh7 52. h3 Rf1
53. Re5 Rxf2 54. Rxh5+ Rh6 55. Rxh6+ Kxh6 56. Kg3 Ra2 57. Ra5 1-0

[Event "Mechanics' Fall TNM; G/2"]
[Site "San Francisco"]
[Date "2016.12.13"]
[Round "9.18"]
[White "Thornally, Frank"]
[Black "Sherwood, Peter"]
[Result "1-0"]
[WhiteElo "2201"]
[BlackElo "1688"]
[PlyCount "57"]
[EventDate "2016.??.??"]

1. e4 e6 2. d4 d5 3. Nd2 c5 4. c3 Nc6 5. Ngf3 Nf6 6. Bd3 cxd4 7. cxd4 Be7 8.
O-O O-O 9. e5 Nd7 10. Re1 f6 11. exf6 Nxf6 12. Nf1 Qc7 13. Ng3 Bd7 14. Bd2 Rac8
15. Rc1 Qd8 16. Bc3 Bb4 17. Bb1 Bxc3 18. Rxc3 Kh8 19. Ng5 Qe8 20. Nf5 Qh5 21.
Qxh5 Nxh5 22. Nd6 Rc7 23. Bxh7 Nf6 24. Bg6 Be8 25. Nxe8 Nxe8 26. Rh3+ Kg8 27.
Bh7+ Kh8 28. Bf5+ Kg8 29. Bxe6+ 1-0

[Event "Mechanics' Fall TNM; G/2"]
[Site "San Francisco"]
[Date "2016.11.29"]
[Round "7.10"]
[White "Thornally, Frank"]
[Black "Walters, Kevin"]
[Result "1/2-1/2"]
[WhiteElo "2201"]
[BlackElo "1864"]
[Annotator "Donaldson"]
[PlyCount "48"]
[EventDate "2016.??.??"]

1. e4 d5 2. exd5 Qxd5 3. Nf3 Bg4 4. Be2 Nf6 5. d4 Nc6 6. O-O O-O-O 7. Be3 {
Clearly the best move, although 7.c4 has also been played.} (7. c4 Qh5 8. Be3
e5 9. h3 exd4 10. hxg4 Nxg4 {offers Black excellent compensation for the piece.
}) 7... Qf5 (7... e6 {are the alternatives.}) (7... Qh5 8. Nbd2 $1 (8. h3 e5 9.
hxg4 Nxg4 10. Nbd2) (8. c4 e5 $1) 8... e5 9. h3 exd4 10. hxg4 Nxg4 11. Bf4) 8.
c4 Bxf3 (8... e5 {is the main try here.}) 9. Bxf3 Ne5 $2 (9... e5) (9... Qd7)
10. Bxb7+ $1 Kxb7 11. Qb3+ {White should be winning now.} Ka8 12. dxe5 Ng4 13.
Nd2 (13. Qa4 Nxe3 14. Nc3 $1 {threatening Nb5 was a dangerous alternative.} Qd7
(14... Qxe5 15. Rfe1 e6 16. Rxe3 Qc5 17. Nb5 {
followed by Ra3 or b4 and c5 leaves Black without an adequate defense.}) 15.
fxe3 Qxa4 16. Nxa4 {leaves White with an winning ending.}) 13... e6 14. Nf3 Be7
15. Bd4 Qf4 16. Bc3 $2 {Diagram [#]} ({
One slip throws away all of White's advantage. Instead} 16. Rad1 $1 {meeting}
Nxh2 {with} 17. Nxh2 Rxd4 18. Rxd4 Qxd4 19. Qf3+ Kb8 20. Qxf7 Bc5 21. Qxe6 {
wins.}) 16... Rd3 $1 17. h3 (17. Qb5 {leads immediately to a draw.} Rxf3 18.
Qc6+ Kb8 19. Qb5+ Kc8 20. Qa6+ Kb8 (20... Kd7 $4 21. Rfd1+) 21. Qb5+) 17...
Rxf3 18. hxg4 h5 (18... Bc5 19. Qa4 Bxf2+ 20. Rxf2 Rxf2 21. Qc6+ {
is another way to draw.}) ({So is} 18... Rg3 19. Qb5 (19. fxg3 $4 Bc5+) 19...
Rxg2+) 19. g5 ({Or} 19. Qb5 hxg4 20. Qc6+) 19... Bc5 (19... Rd3 {
only asks for trouble after} 20. Qa4 Qe4 21. Rad1) 20. Qb5 Bxf2+ 21. Rxf2 Rxf2
22. Qc5 ({Or} 22. Qc6+ Kb8 23. Qb5+ Kc8 24. Qa6+) 22... Rd2 (22... Re2 {
was simpler.} 23. Bd4 (23. Qc6+ Kb8 24. Qb5+) 23... Kb8 24. Qxa7+ Kc8 {
and White has nothing better than to take the perpetual.} 25. Qa8+ Kd7 26. Qxh8
$4 (26. Qa4+ $11) 26... Qxd4+ 27. Kh1 Qh4+ 28. Kg1 Qf2+ 29. Kh1 Qxg2#) 23. Rf1
(23. Bxd2 Qxd2 24. Rf1 {might give White a small pull but with White's exposed
king and doubled g-pawns Black's to have sufficient resources to hold.}) 23...
Qxg5 24. Bxd2 (24. Bxd2 Qxd2 25. Rxf7 Qxb2 26. Rxc7 Qb6 27. Qxb6 axb6 28. Rc6
Kb7 29. Rxe6 Ra8 30. Re7+ Kc6 31. Rxg7 Rxa2 32. Rh7 Rc2 33. Rxh5 Rxc4 {
and the advance of Black's b-pawn ensures the draw despite the pawn deficit.})
24... Qxd2 1/2-1/2

[Event "Mechanics' Fall TNM; G/2"]
[Site "San Francisco"]
[Date "2016.10.18"]
[Round "1.3"]
[White "Thornally, Frank"]
[Black "Yanofsky, Kevin"]
[Result "1/2-1/2"]
[WhiteElo "2200"]
[BlackElo "1694"]
[PlyCount "65"]
[EventDate "2016.??.??"]

1. d4 Nf6 2. Nf3 e6 3. Bf4 c5 4. e3 b6 5. Bd3 Bb7 6. Nbd2 Be7 7. h3 O-O 8. O-O
d5 9. c3 Nbd7 10. Ne5 Nxe5 11. Bxe5 Bd6 12. f4 c4 13. Bc2 b5 14. Qf3 Ne8 15.
Qh5 f5 16. g4 g6 17. Qh6 Rf7 18. Bxd6 Nxd6 19. Nf3 Qf8 20. Qh4 Rg7 21. Kh1 Nf7
22. Qf6 Bc8 23. Rf2 Nd6 24. Qh4 Rb8 25. a3 a5 26. Ne5 Nf7 27. gxf5 exf5 28. b4
Nxe5 29. fxe5 Be6 30. Rg1 axb4 31. axb4 Ra8 32. Rfg2 Ra3 33. Qe1 1/2-1/2

[Event "Mechanics' Winter TNM; G/2"]
[Site "San Francisco"]
[Date "2016.02.02"]
[Round "5.24"]
[White "Tokantyan, Shant"]
[Black "Smith, David A"]
[Result "0-1"]
[WhiteElo "2043"]
[BlackElo "1581"]
[PlyCount "70"]
[EventDate "2016.??.??"]

1. d4 Nf6 2. c4 e6 3. Nc3 d5 4. Bg5 Be7 5. Nf3 Nbd7 6. e3 O-O 7. Bd3 c6 8. O-O
Qc7 9. c5 e5 10. Bc2 Re8 11. Nd2 Nf8 12. Nf3 Bg4 13. h3 Bh5 14. dxe5 N6d7 15.
Bxe7 Rxe7 16. b4 Nxe5 17. g4 Bg6 18. Nxe5 Qxe5 19. Ne2 f5 20. Nf4 Qf6 21. Nxg6
hxg6 22. gxf5 gxf5 23. Qh5 g6 24. Qf3 Ne6 25. Kh2 Rh7 26. Qg3 Kf7 27. Rg1 Rah8
28. Qd6 Rxh3+ 29. Kg2 Qh4 30. Kf1 Qc4+ 31. Ke1 Qxc2 32. Qd7+ Kf6 33. Rxg6+ Kxg6
34. Qxe6+ Kg5 35. Qe7+ Kg4 0-1

[Event "Mechanics' Winter TNM; G/2"]
[Site "San Francisco"]
[Date "2016.01.26"]
[Round "4.42"]
[White "Tokatyan, Shant"]
[Black "Donaldson, John"]
[Result "0-1"]
[WhiteElo "1490"]
[BlackElo "2410"]
[Annotator "Donaldson"]
[PlyCount "72"]
[EventDate "2016.??.??"]

1. d4 Nf6 2. c4 e6 3. Nc3 Bb4 4. Bg5 h6 5. Bxf6 Bxc3+ 6. bxc3 Qxf6 7. Nf3 d6 8.
e3 O-O 9. Bd3 e5 10. O-O Bg4 11. Be4 c6 12. h3 Bh5 13. Rb1 Qe7 14. Qd3 Bxf3 15.
Bxf3 f5 16. Qc2 (16. e4 f4 17. c5) 16... e4 17. Be2 c5 18. f4 (18. f3 Nc6 (
18... exf3 $2 19. Bxf3 $1)) 18... b6 19. g3 Nd7 20. Rb2 $6 Kh8 21. Rfb1 $6 g5
22. Bd1 gxf4 23. exf4 Rg8 (23... Rac8 24. d5 Rg8) 24. Kh2 Rg6 25. Bh5 Rg7 26.
Rg1 Nf6 27. Bd1 Rag8 28. Qf2 e3 29. Qe1 Ne4 30. Qxe3 $4 (30. Bf3) 30... Rxg3
31. Rxg3 Rxg3 32. Qe2 Qh4 33. Qh5 Rxh3+ 34. Kg1 Qe1+ 35. Kg2 Rg3+ (35... Qh1#)
36. Kh2 Qg1# 0-1

[Event "Mechanics' Winter TNM; G/2"]
[Site "San Francisco"]
[Date "2016.01.26"]
[Round "4.36"]
[White "Touset, Stephen"]
[Black "Ayinala, Shree"]
[Result "0-1"]
[WhiteElo "1152"]
[BlackElo "1671"]
[PlyCount "22"]
[EventDate "2016.??.??"]

1. d4 Nf6 2. Bf4 g6 3. Nf3 Bg7 4. e3 O-O 5. Bd3 d6 6. c3 Nbd7 7. Nbd2 Re8 8. h4
$2 e5 9. dxe5 dxe5 10. Bg5 h6 11. Qb3 Nc5 0-1

[Event "Mechanics' Winter TNM; G/2"]
[Site "San Francisco"]
[Date "2016.02.23"]
[Round "8.27"]
[White "Touset, Stephen"]
[Black "Kuczek, Kevin W"]
[Result "1-0"]
[WhiteElo "1152"]
[BlackElo "1741"]
[Annotator "Donaldson"]
[PlyCount "37"]
[EventDate "2016.??.??"]

1. d4 Nf6 2. Bf4 e6 3. Nf3 c5 4. e3 cxd4 5. exd4 Nc6 6. c3 Be7 7. Bd3 O-O 8.
Nbd2 b6 9. h4 Bb7 10. g4 $5 Nxg4 11. Bxh7+ $1 Kxh7 12. Ng5+ Bxg5 $2 (12... Kg8
13. Qxg4 Nxd4 14. Rh3 f6 (14... Nf5 15. Qh5 Nh6 16. Rg3 Qe8 17. Nxe6 Bf6 18.
O-O-O fxe6 19. Qxh6 e5 20. Rdg1) 15. Qh5 fxg5 16. hxg5 Nc2+ 17. Kd1 Rxf4 18.
Qh7+ (18. g6 Bh4 $19) 18... Kf7 19. Qh5+ Kf8 20. Qh8+ Kf7 21. Qh5+) 13. hxg5+
Nh6 {Diagram #} 14. Rxh6+ $3 gxh6 15. Qh5 e5 (15... Ne7 16. Qxh6+ Kg8 17. Be5)
(15... Na5 16. Qxh6+ Kg8 17. Be5) (15... Nb4 16. Qxh6+ Kg8 17. cxb4 Qe7 18. Ke2
f6 19. gxf6 Qh7 20. Rg1+ Kh8 21. Qg7+ $18) 16. Qxh6+ Kg8 17. Ne4 exf4 18. Nf6+
Qxf6 19. gxf6 1-0

[Event "Mechanics' Winter TNM; G/2"]
[Site "San Francisco"]
[Date "2016.01.12"]
[Round "2.40"]
[White "Touset, Stephen"]
[Black "Morgan, Jerry Dugl"]
[Result "0-1"]
[WhiteElo "1152"]
[BlackElo "1590"]
[PlyCount "24"]
[EventDate "2016.??.??"]

1. d4 d5 2. Bf4 c6 3. Nf3 Qb6 4. b3 Bg4 5. e3 e6 6. Bd3 Nf6 7. O-O Ne4 8. Be2
Bb4 9. Ne5 Bxe2 10. Qxe2 Qd8 11. Qg4 O-O 12. Bg5 $4 Qxg5 0-1

[Event "Mechanics' Fall TNM; G/2"]
[Site "San Francisco"]
[Date "2016.10.18"]
[Round "1.20"]
[White "Touset, Stephen Ka"]
[Black "Kim, Isaiah"]
[Result "1/2-1/2"]
[WhiteElo "1469"]
[BlackElo "1900"]
[Annotator "Donaldson"]
[PlyCount "42"]
[EventDate "2016.??.??"]

1. d4 Nf6 2. Bf4 d5 3. e3 e6 4. Nf3 c5 5. c3 Be7 6. Bd3 Nbd7 7. Nbd2 O-O 8. Ne5
Re8 9. Qf3 Nxe5 10. dxe5 Nd7 11. h4 f6 12. Qh5 Nf8 13. Nf3 Bd7 {Diagram [#]}
14. Ng5 $5 (14. exf6 Bxf6 15. Ne5 {offered White a slight advantage but
Stephen offers a piece which leads to a forced draw with best play.}) 14... g6
15. Qh6 fxg5 16. hxg5 Kf7 17. Bxg6+ $1 hxg6 18. Qh8 $1 Bxg5 19. Rh7+ Nxh7 20.
Qxh7+ Kf8 21. Qh8+ Kf7 1/2-1/2

[Event "Mechanics' Spring TNM; G/2"]
[Site "San Francisco"]
[Date "2016.04.05"]
[Round "4.21"]
[White "Touset, Stephen Ka"]
[Black "Kim, Isaiah Taeshi"]
[Result "0-1"]
[WhiteElo "1152"]
[BlackElo "1837"]
[Annotator "Donaldson"]
[PlyCount "40"]
[EventDate "2016.??.??"]

1. d4 d5 2. Bf4 Nf6 3. e3 c6 4. Nf3 Bg4 5. h3 Bh5 6. g4 Bg6 7. Ne5 Nfd7 8. h4
Nxe5 9. dxe5 h5 10. e6 f5 $2 (10... fxe6) 11. Bd3 hxg4 {Diagram [#]} 12. Qxg4
$3 Qa5+ 13. Nc3 $4 (13. b4 Qxb4+ 14. c3 Qb2 15. Qxg6+ Kd8 16. Qxf5 Qxa1 17. Qe5
Na6 18. O-O Rc8 19. Bg5 Rc7 20. Qd6+ Kc8 21. Qa3 Nc5 22. Nd2 $18) 13... fxg4
14. Bxg6+ Kd8 $19 15. O-O-O Na6 16. e4 Nc7 17. exd5 Kc8 18. dxc6 bxc6 19. Rd7
Nxe6 20. Rhd1 Nxf4 0-1

[Event "Mechanics' Fall TNM; G/2"]
[Site "San Francisco"]
[Date "2016.11.29"]
[Round "7.29"]
[White "Touset, Stephen Ka"]
[Black "Lin, Aung Tun"]
[Result "0-1"]
[WhiteElo "1469"]
[BlackElo "1681"]
[PlyCount "36"]
[EventDate "2016.??.??"]

1. d4 Nf6 2. Bf4 e6 3. e3 b6 4. Nd2 Bb7 5. Ngf3 Be7 6. Bd3 Nd5 7. Bg3 f5 8. Ne5
Nf6 9. Bh4 O-O 10. Rg1 d6 11. Nef3 Nbd7 12. Ng5 Bd5 13. c4 Ne4 14. Ndxe4 fxe4
15. cxd5 Bxg5 16. Bxg5 Qxg5 17. dxe6 Nf6 18. Bb5 $2 Qxb5 0-1

[Event "Mechanics' Spring TNM; G/2"]
[Site "San Francisco"]
[Date "2016.04.19"]
[Round "6.33"]
[White "Touset, Stephen Ka"]
[Black "MacIntyre, Brendan"]
[Result "1-0"]
[WhiteElo "1152"]
[BlackElo "1500"]
[PlyCount "71"]
[EventDate "2016.??.??"]

1. d4 d5 2. Bf4 Nf6 3. e3 c5 4. c3 e6 5. Bd3 Bd6 6. Bg3 Qb6 7. b3 O-O 8. Nd2
Bd7 9. Ngf3 Bb5 10. c4 dxc4 11. bxc4 Bd7 12. Ne5 cxd4 13. Rb1 Qc5 14. Nb3 Qb4+
15. Nd2 Qc5 16. Nb3 Qc7 17. exd4 Nc6 18. f4 Bb4+ 19. Kf2 Bc3 20. Bc2 Rad8 21.
Qd3 Bb4 22. Bh4 Ng4+ 23. Nxg4 Qxf4+ 24. Qf3 Qxf3+ 25. Kxf3 Be7 26. Bxe7 Nxe7
27. Nc5 Bc6+ 28. Be4 Bxe4+ 29. Kxe4 f5+ 30. Kd3 Nc6 31. Nxe6 Rxd4+ 32. Nxd4
Nxd4 33. Kxd4 fxg4 34. Rxb7 a5 35. Re1 Rd8+ 36. Kc3 1-0

[Event "Mechanics' Fall TNM; G/2"]
[Site "San Francisco"]
[Date "2016.11.01"]
[Round "3.14"]
[White "Touset, Stephen Ka"]
[Black "Marcus, Joel"]
[Result "0-1"]
[WhiteElo "1469"]
[BlackElo "1883"]
[PlyCount "52"]
[EventDate "2016.??.??"]

1. d4 d5 2. Bf4 Nc6 3. e3 Bf5 4. c3 e6 5. Nf3 Nf6 6. Nbd2 Bd6 7. Ne5 Bxe5 8.
dxe5 Nd7 9. Nf3 O-O 10. h4 f6 11. exf6 Nxf6 12. Bd3 Qe7 13. Bxf5 exf5 14. Qb3
Na5 15. Qb4 Qxb4 16. cxb4 Nc4 17. b3 Na3 18. Rc1 c6 19. Nd4 Nh5 20. Be5 f4 21.
g4 fxg3 22. fxg3 Rae8 23. Bf4 Nxf4 24. gxf4 Rxe3+ 25. Kd2 Re4 26. f5 Rxd4+ 0-1

[Event "Mechanics' Winter TNM; G/2"]
[Site "San Francisco"]
[Date "2016.02.23"]
[Round "8.5"]
[White "Tracy, Joseph J"]
[Black "Anderson, Michael"]
[Result "1-0"]
[WhiteElo "2179"]
[BlackElo "1946"]
[Annotator "Donaldson"]
[PlyCount "61"]
[EventDate "2016.??.??"]

1. Nf3 f5 2. e4 (2. d3) 2... fxe4 3. Ng5 Nf6 (3... d5 4. d3 Qd6 5. dxe4 (5. Nc3
h6 6. Nb5 Qc6 7. dxe4 hxg5 8. exd5 Qd7 9. Bxg5) 5... h6) 4. d3 h6 $2 (4... e3)
(4... e5) (4... d5 5. dxe4 h6) 5. Nxe4 g6 6. Nbc3 (6. Nxf6+ exf6 7. d4 d5 8.
Bd3 Kf7) 6... d5 7. Nxf6+ exf6 8. d4 Bg7 9. Bd3 Kf7 10. Ne2 Re8 11. c3 Nd7 12.
Be3 Nf8 13. Qd2 h5 14. O-O-O f5 15. Kb1 Nh7 16. Rde1 Nf6 17. Bg5 (17. f3) 17...
Bd7 18. f3 c6 19. h4 (19. g4 hxg4 (19... fxg4 20. fxg4 Bxg4 21. Rhf1 Bxe2 22.
Rxe2 Rxe2 23. Qxe2 Qd7 24. Qc2 Rf8 25. Bxg6+ Kg8 26. Rg1) 20. fxg4 fxg4 21.
Rhf1) 19... Qa5 20. Nc1 (20. Nf4 Nh7 (20... Rxe1+ 21. Rxe1 Re8 22. Rxe8 Bxe8
23. Qe2 Bd7 24. g4) 21. g4) 20... Qc7 21. Bf4 Qc8 22. Bc2 (22. Be5) 22... Be6
23. Nd3 Nd7 24. Re2 c5 25. Ne5+ Nxe5 26. Bxe5 c4 27. Rhe1 Bf8 28. Qf4 Kg8 29.
Qg5 Kh7 30. Bf4 b5 31. g4 1-0

[Event "Mechanics' Winter TNM; G/2"]
[Site "San Francisco"]
[Date "2016.01.26"]
[Round "4.6"]
[White "Tracy, Joseph J"]
[Black "Bachseitz, Martin"]
[Result "1-0"]
[WhiteElo "2179"]
[BlackElo "1763"]
[Annotator "Donaldson"]
[PlyCount "71"]
[EventDate "2016.??.??"]

1. Nf3 d5 2. g3 Nf6 3. Bg2 c6 4. d3 Bf5 5. O-O e6 6. Nbd2 Be7 7. Qe1 h6 8. e4
dxe4 9. dxe4 Bh7 10. Qe2 O-O 11. e5 Nfd7 12. Ne4 a5 13. h4 Na6 14. Rd1 Qc7 15.
Bf4 Bxe4 16. Qxe4 Ndc5 17. Qe2 Rad8 18. Nh2 Rxd1+ 19. Rxd1 Nb4 20. Ng4 Rd8 21.
a3 Rxd1+ 22. Qxd1 Nd5 23. Bc1 h5 24. Nh6+ gxh6 25. Qxh5 Kf8 (25... Bf8 $1) 26.
Bxh6+ Ke8 27. Bh3 Bf8 28. Bd2 (28. Bxf8 Kxf8 29. Qh8+ Ke7 30. c4 Nb6 31. Qf6+
Kf8 32. Qh8+ Ke7 33. Qf6+ Ke8 34. Qh8+ Ke7 $11 (34... Kd7 $2 35. h5)) 28... Qd7
(28... Qb6) 29. Bxa5 b6 30. Bd2 Nc7 31. Qe2 Qd4 32. Bg2 Qxb2 $2 (32... Nd5) 33.
Bxc6+ $18 Kd8 34. Bg5+ (34. Qh5) 34... Kc8 35. Qd2 Qxe5 $4 (35... Nd5 $16) 36.
Qd8# 1-0

[Event "Mechanics' Summer TNM; G/2"]
[Site "San Francisco"]
[Date "2016.07.12"]
[Round "8.3"]
[White "Tracy, Joseph J"]
[Black "Gaffagan, Steven"]
[Result "0-1"]
[WhiteElo "2179"]
[BlackElo "2073"]
[PlyCount "72"]
[EventDate "2016.??.??"]

1. d4 Nf6 2. c4 g6 3. Nc3 Bg7 4. e4 d6 5. Be2 O-O 6. Nf3 e5 7. O-O Nc6 8. d5
Ne7 9. Ne1 Nd7 10. Nd3 f5 11. b4 Nf6 12. f3 f4 13. Bd2 g5 14. c5 Ng6 15. cxd6
cxd6 16. Nf2 Rf7 17. Rc1 Bf8 18. a4 h5 19. a5 Rg7 20. h3 Nh4 21. Be1 Nh7 22.
Nb5 a6 23. Na3 g4 24. fxg4 Ng5 25. Rc3 hxg4 26. Nxg4 Nxe4 27. Nc4 Nxc3 28. Bxc3
Qg5 29. Nb6 Bxg4 30. Bxg4 Re8 31. Be1 Nf5 32. Bd2 Nh6 33. Qe2 Nxg4 34. hxg4
Qxg4 35. Rf3 Be7 36. Nc4 Rc8 0-1

[Event "Mechanics' Winter TNM; G/2"]
[Site "San Francisco"]
[Date "2016.02.09"]
[Round "6.5"]
[White "Tracy, Joseph J"]
[Black "Gaffagan, Steven"]
[Result "1-0"]
[WhiteElo "2179"]
[BlackElo "2040"]
[PlyCount "102"]
[EventDate "2016.??.??"]

1. d4 Nf6 2. c4 g6 3. f3 Bg7 4. e4 d6 5. Nc3 O-O 6. Be3 Nc6 7. Nge2 a6 8. Qd2
Rb8 9. Rb1 Re8 10. b4 b6 11. d5 Ne5 12. Nd4 Bb7 13. Be2 c5 14. dxc6 Nxc6 15.
O-O Nxd4 16. Bxd4 e6 17. Rfd1 Qc7 18. Rbc1 Red8 19. Qe3 Bc6 20. Nd5 Bxd5 21.
cxd5 Qb7 22. Bxf6 Bxf6 23. Rc6 exd5 24. exd5 b5 25. Rdc1 Re8 26. Qd2 Qa7+ 27.
Kf1 Qe7 28. g3 h5 29. R1c2 h4 30. Kg2 hxg3 31. hxg3 Rb7 32. Rxa6 Kg7 33. Rac6
Rh8 34. Rc8 Rh6 35. f4 Kh7 36. Bg4 Qe4+ 37. Bf3 Qe7 38. Qe2 Qxe2+ 39. Bxe2 Kg7
40. R8c7 Rb8 41. Rd7 Rhh8 42. Rcc7 Rhf8 43. Rxd6 Ra8 44. Rc2 Be7 45. Rd7 Bxb4
46. Bxb5 Ra3 47. Bc4 Kf6 48. Bb3 g5 49. Rc6+ Kf5 50. fxg5 Kxg5 51. d6 Ra5 1-0

[Event "Mechanics' Winter TNM; G/2"]
[Site "San Francisco"]
[Date "2016.01.12"]
[Round "2.7"]
[White "Tracy, Joseph J"]
[Black "Houshdaran, Soheil"]
[Result "1/2-1/2"]
[WhiteElo "2179"]
[BlackElo "1829"]
[Annotator "Donaldson"]
[PlyCount "81"]
[EventDate "2016.??.??"]

1. Nf3 Nf6 2. g3 g6 3. Bg2 Bg7 4. O-O O-O 5. c4 c6 6. d4 d5 7. cxd5 cxd5 8. Nc3
Nc6 9. Ne5 Bf5 10. Bg5 Ne4 11. Nxc6 bxc6 12. Nxe4 Bxe4 13. Qd2 Bxg2 14. Kxg2
Re8 15. Rac1 Qb6 16. Be3 Rac8 17. b3 Qb7 18. Rc2 c5 19. Rfc1 cxd4 20. Rxc8 Rxc8
21. Rxc8+ Qxc8 22. Bxd4 e5 23. Bxa7 d4 24. Qa5 Qc2 25. Qb5 h5 26. a4 Kh7 27.
Qc4 Qd2 28. Bc5 e4 29. Qxf7 Qxe2 30. Bxd4 Qf3+ 31. Qxf3 exf3+ 32. Kxf3 Bxd4 33.
a5 Kg7 34. b4 Kf6 35. Ke4 Bxf2 {Diagram #} 36. b5 $2 {
White in serious time pressure blunders.} (36. Kd5 $1 $18) 36... Ke6 $11 37. b6
Kd6 38. b7 Kc7 39. a6 g5 40. Kf5 Be3 41. h4 {Black draws after 41...gxh4 42.
gxh4 Ba7 43.Kg5 Kb6 44.Kxh5 Kxa6 45.Kg6 Kxb7 46.h5 Bd4.} 1/2-1/2

[Event "Mechanics' Spring TNM; G/2"]
[Site "San Francisco"]
[Date "2016.03.15"]
[Round "1.21"]
[White "Tracy, Joseph J"]
[Black "Lesquillier, Walter"]
[Result "1-0"]
[WhiteElo "2179"]
[BlackElo "1729"]
[PlyCount "59"]
[EventDate "2016.??.??"]

1. d4 Nf6 2. c4 e6 3. Nf3 b6 4. g3 Bb7 5. Bg2 Bb4+ 6. Bd2 Bxd2+ 7. Nbxd2 O-O 8.
O-O Na6 9. Qc2 Qe7 10. e4 d6 11. a3 c5 12. e5 dxe5 13. dxe5 Nd7 14. Ng5 Qxg5
15. Bxb7 Qxe5 16. Bxa6 Nf6 17. Bb7 Rad8 18. Rfd1 Qc7 19. Bg2 Rd7 20. Ne4 Rd4
21. Rxd4 cxd4 22. Nxf6+ gxf6 23. b4 Rc8 24. Rc1 Qe5 25. c5 bxc5 26. bxc5 d3 27.
Qxd3 Rxc5 28. Rxc5 Qxc5 29. h4 f5 30. Qe3 1-0